000 00364nam a2200121Ia 4500
005 20260326235451.0
008 260326s9999||||xx |||||||||||||| ||und||
100 _aSaldarriaga Roa, Alberto
245 0 _aXX bienal Colombiana de Arquitectura /
_cAlberto Saldarriaga Roa
260 _bSociedad Colombiana de Arquitectos
650 _aARQUITECTURA REGIONAL
942 _cBK
999 _c7769
_d7769